Schaum's outline of theory and problems of differential equations (Record no. 9581)

000 -LEADER
fixed length control field 00549nam a22002057a 4500
001 - CONTROL NUMBER
control field 9581
003 - CONTROL NUMBER IDENTIFIER
control field BD-DhUET
008 - FIXED-LENGTH DATA ELEMENTS--GENERAL INFORMATION
fixed length control field 150131b xxu||||| |||| 00| 0 eng d
020 ## - INTERNATIONAL STANDARD BOOK NUMBER
International Standard Book Number 070026548
040 ## - CATALOGING SOURCE
Transcribing agency DLC
Modifying agency BD-DhUET
082 ## - DEWEY DECIMAL CLASSIFICATION NUMBER
Classification number 517.38
Item number AYR/1952
100 ## - MAIN ENTRY--PERSONAL NAME
Personal name Ayres, Frank
245 ## - TITLE STATEMENT
Title Schaum's outline of theory and problems of differential equations
250 ## - EDITION STATEMENT
Edition statement 2nd ed.
260 ## - PUBLICATION, DISTRIBUTION, ETC. (IMPRINT)
Place of publication, distribution, etc. New York
Name of publisher, distributor, etc. McGraw-Hill
Date of publication, distribution, etc. 1952
300 ## - PHYSICAL DESCRIPTION
Extent iv, 296 p.
490 ## - SERIES STATEMENT
Series statement Shaum's Outline Series
650 #0 - SUBJECT ADDED ENTRY--TOPICAL TERM
Topical term or geographic name as entry element Differential equation- Mathematics
942 ## - ADDED ENTRY ELEMENTS (KOHA)
Koha item type General Book
Holdings
Koha date last seen Koha item type Piece designation (barcode) Shelving location Damaged status Koha date last borrowed Withdrawn status Not for loan Source of classification or shelving scheme Koha full call number Price effective from Koha issues (times borrowed) Sublocation or collection (holding branch) Lost status Copy number Location (home branch) Koha normalized classification for sorting Date acquired
2017-04-09General Book31528Circulation section 2016-04-23   517.2/AYR/19522015-01-312Central Library, BUET 1Central Library, BUET517_200000000000000_AYR_19522015-01-31
2023-11-19General Book31529Circulation section 2023-06-21   517.2/AYR/19522015-01-315Central Library, BUET 2Central Library, BUET517_200000000000000_AYR_19522015-01-31
2017-02-15General Book31517Circulation section 2015-02-24   517.2/AYR/19522015-02-241Central Library, BUET 3Central Library, BUET517_200000000000000_AYR_19522015-02-24
2015-04-09General Book8706Circulation section     517.38/AYR/19522015-04-09 Central Library, BUET 4Central Library, BUET517_380000000000000_AYR_19522015-04-09
2015-04-09General Book37566Circulation section     517.38/AYR/19522015-04-09 Central Library, BUET 6Central Library, BUET517_380000000000000_AYR_19522015-04-09
2015-04-11General Book31543Circulation section     517.38/AYR/19522015-04-11 Central Library, BUET 7Central Library, BUET517_380000000000000_AYR_19522015-04-11
2015-04-11General Book31547Circulation section     517.38/AYR/19522015-04-11 Central Library, BUET 8Central Library, BUET517_380000000000000_AYR_19522015-04-11
2015-04-11General Book31540Circulation section     517.38/AYR/19522015-04-11 Central Library, BUET 9Central Library, BUET517_380000000000000_AYR_19522015-04-11
2015-07-09Reading Item31511Reading section     517.38/AYR/19522015-07-09 Central Library, BUET 10Central Library, BUET517_380000000000000_AYR_19522015-07-09